| 000 | 00777nam a2200229 a 4500 | ||
|---|---|---|---|
| 005 | 20240413063821.0 | ||
| 008 | 060801s1987 mx r 000 0 spa d | ||
| 020 | _a9687209674 | ||
| 035 | _aUPN01000145790 | ||
| 049 | _aCG | ||
| 050 | 4 |
_aF1233.5 S2.5 _bJ8.3 |
|
| 100 | 1 |
_aSánchez Azcona, Juan, _d1876-1894 |
|
| 245 | 1 | 0 |
_aJuan Sánchez Azcona / _ccomp. e introd. Gloria Sánchez Azcona. |
| 260 |
_aMéxico : _bSenado de la República, LIII Legislatura, _c1987. |
||
| 300 | _a250 p. | ||
| 440 | 4 | _aLos senadores | |
| 651 | 4 |
_aMéxico _xPolítica y gobierno _y1867-1910 _911886 |
|
| 651 | 4 |
_aMéxico _xPolítica y gobierno _y1910-1946 _vFuentes _912697 |
|
| 650 | 4 |
_aLEGISLADORES - _zMEXICO - _vBIOGRAFIA _910101 |
|
| 700 | 1 |
_aSánchez Azcona, Gloria, _ecomp. |
|
| 905 | _aLibro | ||
| 999 |
_c117936 _d117936 |
||